000 00606nam a2200229Ia 4500
003 OSt
005 20220928112711.0
006 a|||||r|||| 00| 0
007 ta
008 220927b |||||||| |||| 00| 0 eng d
024 _a38902
037 _cTextual
040 _aSDCL
_cSDCL
_beng
041 _2eng
_aeng
082 _aV2:8'K2<J2, M9
100 _aTirmizi S A I
_9429327
245 0 _aMughal documents,1526-1627
260 _aNew Delhi
_bManohar Publications
_c1989
300 _av,255p
_ccm.
942 _hV2:8'K2<J2, M9
_cTEXL
_2CC
999 _c745851
_d745851